00608nam a2200193Ia 4500008004100000020001800041050001400059100002600073245002300099245006000122250001900182260001800201260002500219260000900244300001400253300002500267999001900292952010300311180207s9999 xx 000 0 und d a9781596430570 bE686 2007 aEricsson, Jennifer A. 2aA piece of chalk / cJennifer A. Ericsson ; illustrated by Michelle Shapiro. aFirst edition. aConnecticut : bRoaring Brook Press, c2007 aunpaged : bcolor illustration ; c355104d355104 001040aSSISMbSSISMd2018-02-07l0oER E686 2007pSSISM4649r2018-02-07 00:00:00w2018-02-07yBK